000 01358nam a2200241Ia 4500
003 Ost
005 20260507075705.0
008 260507s9999||||xx |||||||||||||| ||und||
020 _a9789947782422
040 _cfsecg
041 _aara
082 _a658.848
100 _aعفيف، هناء
_eمؤلف
245 0 _aالتسويق الدولي /
_c هناء عفيف
246 _a (marketing international)
260 _aالجزائر:
_bالنشر الجامعي الجديد,
_c2022
300 _a111 صفحة؛
_bجداول
_c24 سم
504 _aمراجع ص.105
520 _aيتناول هذا الكتاب مفاهيم متعلقة بالتسويق الدولي، حيث تم التعرض فيه إلى مفهوم وتطور نشاطه، توضيح الفروقات ما بين التسويق الدولي والتسويق المحلي، كما تم التطرق فيه إلى المبادئ والأسس، وصف أهم العقبات الممكن مواجهتها في التسويق الدولي، بحوث التسويق الدولي، نظام معلومات التسويق الدولي، ليتم تحليل بيئه بشكل كامل، مع تقييم الأسواق الدولية ونمط الدخول إليها.
653 _aالتجارة الخارجية
653 _aالتسويق الدولي
942 _cكتاب
999 _c45865
_d45865